|
|
|
|
| LEADER |
00000nab a2200000 a 4500 |
| 001 |
vtls000035172 |
| 003 |
SK-MaSNL |
| 005 |
20260304233906.0 |
| 008 |
111026c1979 xo 0 slo |
| 015 |
|
|
|a SNBRA19rr/mm-uuuuu
|
| 035 |
|
|
|a CL0045267
|
| 040 |
|
|
|a SNKBUCL
|b slo
|c SNKBUCL
|e AACR2
|
| 041 |
0 |
|
|a slo
|
| 044 |
|
|
|a xo
|c SK
|
| 080 |
|
|
|a 633.1
|2 1981
|
| 100 |
1 |
|
|a Drezgič, P.
|4 aut
|9 1234560
|
| 245 |
1 |
0 |
|a Pestovanie obilnín v Juhoslávii s dôrazom na výrobu pšenice
|c P. Drezgič
|
| 300 |
|
|
|b Tb. 9.
|
| 650 |
0 |
7 |
|a obilniny
|2 snkbucl
|9 19007
|
| 650 |
0 |
7 |
|a pšenica
|2 snkbucl
|9 21833
|
| 655 |
|
7 |
|a články zo zborníkov
|2 snkbucl
|9 166140
|
| 773 |
0 |
|
|t Veda a prax v obilninách
|d Bratislava : Príroda, 1979
|g S. 74-81
|
| 850 |
|
|
|a Slovenská národná knižnica v Martine
|a MTA001
|
| 852 |
|
|
|a SNK
|b KIS3GCP
|
| 958 |
|
7 |
|a RK
|
| 992 |
|
|
|a RZB
|
| 999 |
|
|
|c 3200738
|d 3202668
|